Interball in the ISTP program (Record no. 14029)

MARC details
000 -LEADER
fixed length control field 00839nam a2200217Ia 4500
003 - CONTROL NUMBER IDENTIFIER
control field IN-BaIIA
008 - FIXED-LENGTH DATA ELEMENTS--GENERAL INFORMATION
fixed length control field 211028s9999 xx 000 0 eng d
020 ## - INTERNATIONAL STANDARD BOOK NUMBER
International Standard Book Number 0-7923-5864-3
040 ## - CATALOGING SOURCE
Transcribing agency IIA Library
080 ## - UNIVERSAL DECIMAL CLASSIFICATION NUMBER
Universal Decimal Classification number 551.510.5(082.1)
Item number INT
245 #0 - TITLE STATEMENT
Title Interball in the ISTP program
Remainder of title studies of the solar wind-magnetosphere-ionosphere interaction
Statement of responsibility, etc. edited by D. G. Sibeck and A. Kudela
260 ## - PUBLICATION, DISTRIBUTION, ETC.
Place of publication, distribution, etc. Dordrecht
Name of publisher, distributor, etc. Kluwer Academic
Date of publication, distribution, etc. 1999
300 ## - PHYSICAL DESCRIPTION
Extent ix, 294 p.
490 ## - SERIES STATEMENT
Series statement NATO science series. series C : mathematical and physical sc
650 ## - SUBJECT ADDED ENTRY--TOPICAL TERM
Topical term or geographic name entry element Equators-s
9 (RLIN) 24596
650 ## - SUBJECT ADDED ENTRY--TOPICAL TERM
Topical term or geographic name entry element Substrom observations
9 (RLIN) 24597
650 ## - SUBJECT ADDED ENTRY--TOPICAL TERM
Topical term or geographic name entry element Wind programmes
9 (RLIN) 24598
700 ## - ADDED ENTRY--PERSONAL NAME
Personal name Kudela, A., ed.
9 (RLIN) 24599
700 ## - ADDED ENTRY--PERSONAL NAME
Personal name Sibeck, D. G., ed.
9 (RLIN) 24600
942 ## - ADDED ENTRY ELEMENTS (KOHA)
Koha item type Books
Holdings
Withdrawn status Lost status Damaged status Not for loan Home library Current library Shelving location Date acquired Source of acquisition Cost, normal purchase price Total Checkouts Full call number Barcode Date last seen Cost, replacement price Price effective from Koha item type Purchase Price
        IIA Library-Bangalore IIA Library-Bangalore General Stacks 29/03/2001 ALL 2436.15   551.510.5(082.1)/ INT 14949 05/11/2021 2436.15 29/03/2001 Books Rs. 2436.15

Powered by Koha